000 00323nam a2200133Ia 4500
005 20260328101448.0
008 260328s9999||||xx |||||||||||||| ||und||
100 _aKrier, Rob
245 0 _aRob Krier - On Architecture /
_cRob Krier
260 _bSt. Martin's Press
300 _a96 p.
650 _aARQUITECTOS
942 _cBK
999 _c8539
_d8539